000 01494cam a2200313 4500
001 L130178
008 050630n2005 000 0 eng u
020 _a1900648482
035 _a(Sirsi) u130178
041 0 _aeng
050 0 4 _a725.54 $2 18
245 _aDisability
_bmaking buildings accessible
250 _a3rd. ed.
260 _aCambridge
_bWorkplace Law
_c2005
300 _a208p.
_bill.
_c30cm.
350 _a99
520 _aRevised third edition of this guide for employers and service providers. Individual essays review the legislation and the needs of people with physical visual disabilities, as well as those with special educational needs and the elderly. Includes chapters on landlord and tenant issues and making historic buildings accessible. Reproduces the Disability Rights Commission "Code of practice: rights of access - goods, facilities, services and premises".
520 _aSupersedes second edition (ISBN 1900648849).
590 _aIKA300805
650 2 4 _aDISABILITY DISCRIMINATION ACT 1995
650 2 4 _aDISABILITY DISCRIMINATION ACT 2005
650 2 4 _aBUILDING REGULATIONS 2000 APPROVED DOCUMENT M (2004 EDITION)
650 2 4 _aSPECIAL EDUCATIONAL NEEDS AND DISABILITY ACT 2001
650 2 4 _aDRC CODE OF PRACTICE: RIGHTS OF ACCESS - GOODS, FACILITIES, SERVICES AND PREMISES
651 4 _aUNITED KNIGDOM
690 _aMANAGEMENT-BUSINESS MANAGEMENT-DISCRIMINATION-DISABILITY DISCRIMINATION
700 1 _aBright, Keith
_eEditor
942 _n0
999 _c104378
_d104378